Homenaje a Cataluña (Registro nro. 116181)

Detalles MARC
000 -LEADER
campo de control de longitud fija 00824nam a2200229 4500
001 - NÚMERO DE CONTROL
campo de control 116181
003 - IDENTIFICADOR DE NÚMERO DE CONTROL
campo de control ES-MaACL
005 - FECHA Y HORA DE LA ÚLTIMA TRANSACCIÓN
campo de control 20250809195003.0
007 - CAMPO FIJO DE DESCRIPCIÓN FÍSICA--INFORMACIÓN GENERAL
campo de control de longitud fija t|
008 - DATOS DE LONGITUD FIJA--INFORMACIÓN GENERAL
campo de control de longitud fija 061121s1970 sp r ||||1| spa d
080 ## - NÚMERO DE LA CLASIFICACIÓN DECIMAL UNIVERSAL
Número de la Clasificación Decimal Universal 94(460.23)"1936/39"
100 1# - ENTRADA PRINCIPAL--NOMBRE DE PERSONA
Nombre de persona Orwell, George.
9 (RLIN) 87703
245 10 - MENCIÓN DEL TÍTULO
Título Homenaje a Cataluña
Resto del título : un testimonio sobre la revolución española /
Mención de responsabilidad, etc. George Orwell ; prólogo de Luis Romero ; introducción de Lionel Trilling ; traducción de Carlos Pujol.
260 ## - PUBLICACIÓN, DISTRIBUCIÓN, ETC.
Lugar de publicación, distribución, etc. Barcelona :
Nombre del editor, distribuidor, etc. Ariel,
Fecha de publicación, distribución, etc. 1970.
300 ## - DESCRIPCIÓN FÍSICA
Extensión 263 p. ;
Dimensiones 22 cm.
651 #4 - PUNTO DE ACCESO ADICIONAL DE MATERIA--NOMBRE GEOGRÁFICO
Nombre geográfico Cataluña-
Subdivisión general Historia-
Subdivisión cronológica 1936-1939.
9 (RLIN) 8015
700 1# - ENTRADA AGREGADA--NOMBRE PERSONAL
Nombre de persona Romero Pérez, Luis,
Fechas asociadas al nombre 1916-2009
9 (RLIN) 99338
700 1# - ENTRADA AGREGADA--NOMBRE PERSONAL
Nombre de persona Trilling, Lionel.
9 (RLIN) 111429
700 1# - ENTRADA AGREGADA--NOMBRE PERSONAL
Nombre de persona Pujol, Carlos,
Fechas asociadas al nombre 1936-2012
9 (RLIN) 94332
852 ## - LOCALIZACIÓN
Ubicación ES-MaACL
Número de control de estantería C-44650
Existencias
Estatus retirado Estado de pérdida Estado de daño No para préstamo Biblioteca de origen Biblioteca actual Ubicación en estantería Fecha de adquisición Fuente de adquisición Total de préstamos Signatura topográfica completa Código de barras Visto por última vez Precio de reemplazo Tipo de ítem Koha
        Biblioteca del Ateneo de Madrid Biblioteca del Ateneo de Madrid Depósito 2 17/01/2008     C-44650 1121156 23/02/2023 23/02/2023 Libro impreso